<?xml version="1.0" encoding="UTF-8"?>
<record
    xmlns:xsi="http://www.w3.org/2001/XMLSchema-instance"
    xsi:schemaLocation="http://www.loc.gov/MARC21/slim http://www.loc.gov/standards/marcxml/schema/MARC21slim.xsd"
    xmlns="http://www.loc.gov/MARC21/slim">

  <leader>02599cam a22003492u 4500</leader>
  <controlfield tag="001">991009870089708606</controlfield>
  <controlfield tag="003">SpMaBN</controlfield>
  <controlfield tag="005">20250917134942.0</controlfield>
  <controlfield tag="006">m    |o  d        </controlfield>
  <controlfield tag="007">cr |n ||||||||</controlfield>
  <controlfield tag="008">180420s2012    sp |||||o|||| ||| ||spa d</controlfield>
  <datafield tag="020" ind1=" " ind2=" ">
    <subfield code="a">9789501201666</subfield>
  </datafield>
  <datafield tag="035" ind1=" " ind2=" ">
    <subfield code="a">(ES-BaLIB)9788423412938</subfield>
  </datafield>
  <datafield tag="035" ind1=" " ind2=" ">
    <subfield code="a">(SpMaBN)a6159314</subfield>
  </datafield>
  <datafield tag="040" ind1=" " ind2=" ">
    <subfield code="a">ES-BaLIB</subfield>
    <subfield code="b">spa</subfield>
    <subfield code="c">SpMaBN</subfield>
    <subfield code="d">SpMaBN</subfield>
    <subfield code="e">local</subfield>
  </datafield>
  <datafield tag="041" ind1=" " ind2=" ">
    <subfield code="a">spa</subfield>
    <subfield code="h">ger</subfield>
  </datafield>
  <datafield tag="082" ind1=" " ind2=" ">
    <subfield code="a">330 F48e 2016</subfield>
  </datafield>
  <datafield tag="100" ind1="1" ind2=" ">
    <subfield code="a">Felber, Christian</subfield>
    <subfield code="d">1972-</subfield>
  </datafield>
  <datafield tag="245" ind1="1" ind2="3">
    <subfield code="a">La econom&#xED;a del bien com&#xFA;n :</subfield>
    <subfield code="b">un modelo econ&#xF3;mico que supera la dicotom&#xED;a entre capitalismo y comunismo para maximizar el bienestar de nuestra sociedad /</subfield>
    <subfield code="c">Felber, Christian; pr&#xF3;logo Juan Carlos Cubeiro; traducci&#xF3;n Silvia Yusta</subfield>
  </datafield>
  <datafield tag="260" ind1=" " ind2=" ">
    <subfield code="a">Buenos Aires : </subfield>
    <subfield code="b">Paid&#xF3;s,</subfield>
    <subfield code="c">2016</subfield>
  </datafield>
  <datafield tag="300" ind1=" " ind2=" ">
    <subfield code="a">286 p&#xE1;ginas</subfield>
  </datafield>
  <datafield tag="504" ind1=" " ind2=" ">
    <subfield code="a">Incluye bibliograf&#xED;a </subfield>
  </datafield>
  <datafield tag="520" ind1="3" ind2=" ">
    <subfield code="a">Cada vez m&#xE1;s personas son conscientes de que actualmente no vivimos una crisis econ&#xF3;mica o financiera aislada, sino que las burbujas econ&#xF3;micas especulativas, el desempleo, la desigualdad, el cambio clim&#xE1;tico, las hambrunas, la crisis de valores y, en lo m&#xE1;s profundo, la crisis de la democracia, est&#xE1;n relacionados y son s&#xED;ntomas de una crisis general del sistema econ&#xF3;mico. Los representantes de la poblaci&#xF3;n sostienen que &#xAB;no hay ninguna alternativa&#xBB;. Sin embargo, en este libro Christian Felber demuestra que hay alternativas al sistema econ&#xF3;mico y financiero actual. La pregunta decisiva es: &#xBF;En qu&#xE9; direcci&#xF3;n queremos ir? &#xBF;Debe la econom&#xED;a ser m&#xE1;s ecol&#xF3;gica y sostenible? &#xBF;Debe ser m&#xE1;s justa en el reparto? &#xBF;Debe la dignidad de los ciudadanos ocupar un lugar central y cada persona tener derecho de decisi&#xF3;n? &#xBF;Se debe incentivar y premiar los valores que sostienen las relaciones humanas: honestidad, empat&#xED;a, confianza, estima&#x2026;? &#xBF;Debe la econom&#xED;a medir la utilidad social, que es aquello que necesita primordialmente el ser humano, para sentirse satisfecho y feliz? La econom&#xED;a del bien com&#xFA;n responde. Debe y es posible. &#xA1;Hay una alternativa!</subfield>
  </datafield>
  <datafield tag="530" ind1=" " ind2=" ">
    <subfield code="a">Publicado tambi&#xE9;n como texto impreso</subfield>
  </datafield>
  <datafield tag="650" ind1=" " ind2=" ">
    <subfield code="2">Sears</subfield>
    <subfield code="a">Econom&#xED;a</subfield>
    <subfield code="z">Espa&#xF1;a</subfield>
  </datafield>
  <datafield tag="700" ind1="1" ind2=" ">
    <subfield code="a">Yusta, Silvia</subfield>
    <subfield code="e">traductor</subfield>
  </datafield>
  <datafield tag="776" ind1=" " ind2=" ">
    <subfield code="t">La econom&#xED;a del bien com&#xFA;n</subfield>
    <subfield code="h">331 p.</subfield>
    <subfield code="z">978-84-234-2089-6</subfield>
    <subfield code="w">991053175479708606</subfield>
  </datafield>
  <datafield tag="856" ind1="4" ind2="0">
    <subfield code="u">http://repositorio.dl-e.es/epub.vm?id=0000016035.epub</subfield>
    <subfield code="y">Acceso electr&#xF3;nico</subfield>
    <subfield code="z">Acceso y/o uso restringido, disponible s&#xF3;lo desde la Biblioteca Nacional de Espa&#xF1;a y los centros de conservaci&#xF3;n</subfield>
  </datafield>
  <datafield tag="901" ind1=" " ind2=" ">
    <subfield code="a">Libranda 08</subfield>
    <subfield code="a">Dep&#xF3;sito legal electr&#xF3;nico</subfield>
  </datafield>
  <datafield tag="942" ind1=" " ind2=" ">
    <subfield code="2">ddc</subfield>
    <subfield code="c">BK</subfield>
    <subfield code="z">3</subfield>
  </datafield>
  <datafield tag="956" ind1=" " ind2=" ">
    <subfield code="a">1</subfield>
  </datafield>
  <datafield tag="999" ind1=" " ind2=" ">
    <subfield code="c">8467</subfield>
    <subfield code="d">8467</subfield>
  </datafield>
  <datafield tag="952" ind1=" " ind2=" ">
    <subfield code="0">0</subfield>
    <subfield code="1">0</subfield>
    <subfield code="2">ddc</subfield>
    <subfield code="4">0</subfield>
    <subfield code="7">0</subfield>
    <subfield code="8">CG</subfield>
    <subfield code="a">BJHA</subfield>
    <subfield code="b">BJHA</subfield>
    <subfield code="c">GEN</subfield>
    <subfield code="d">2025-09-17</subfield>
    <subfield code="i">25-03356</subfield>
    <subfield code="l">0</subfield>
    <subfield code="o">330 F48e 2016</subfield>
    <subfield code="p">25-03356</subfield>
    <subfield code="r">2025-09-17 13:51:32</subfield>
    <subfield code="t">e.1</subfield>
    <subfield code="w">2025-09-17</subfield>
    <subfield code="y">BK</subfield>
  </datafield>
</record>
